000 00748cam a22002414a 4500
001 13324170
005 20180208080504.0
008 030826s2004 njuab b 001 0 eng
010 _a 2003062313
020 _a0131404067
040 _aDLC
_cDLC
_dDLC
041 _aeng
042 _apcc
080 _a658.8342 SOL
082 0 0 _a658.8342 SOL
_222
100 1 _a52
101 _aBNJ
245 1 0 _aConsumer behavior :
_cMichael R. Solomon.
504 _aIncludes bibliographical references and indexes.
906 _a7
_bcbc
_corignew
_d1
_eocip
_f20
_gy-gencatlg
942 _2ddc
_cBK
999 _c42156
_d42156